صيغ الدعاوى والطلبات المستعجلة والإنذارات والإخطارات في قانون المالكين والمستأجرين / (رقم التسجيلة. 119707)

تفاصيل مارك
000 -LEADER
fixed length control field 00730nam a22002057a 4500
005 - DATE AND TIME OF LATEST TRANSACTION
control field 20251108174841.0
008 - FIXED-LENGTH DATA ELEMENTS--GENERAL INFORMATION
fixed length control field 250721s2010 xx 000 0 ara d
082 14 - DEWEY DECIMAL CLASSIFICATION NUMBER
Classification number 346.04/شوش
100 1# - MAIN ENTRY--PERSONAL NAME
Personal name شوشاري، صلاح الدين
Relator term مؤلف
245 10 - TITLE STATEMENT
Title صيغ الدعاوى والطلبات المستعجلة والإنذارات والإخطارات في قانون المالكين والمستأجرين /
264 1# - PRODUCTION, PUBLICATION, DISTRIBUTION, MANUFACTURE, AND COPYRIGHT NOTICE
Place of production, publication, distribution, manufacture عمان :
Name of producer, publisher, distributor, manufacturer شوشاري،
Date of production, publication, distribution, manufacture, or copyright notice 2010.
300 ## - PHYSICAL DESCRIPTION
Extent 280 ص.
650 17 - SUBJECT ADDED ENTRY--TOPICAL TERM
Topical term or geographic name as entry element الملكية
650 17 - SUBJECT ADDED ENTRY--TOPICAL TERM
Topical term or geographic name as entry element حقوق المستأجر
650 17 - SUBJECT ADDED ENTRY--TOPICAL TERM
Topical term or geographic name as entry element الحقوق القانونية
650 17 - SUBJECT ADDED ENTRY--TOPICAL TERM
Topical term or geographic name as entry element الإجراءات الجنائية
650 17 - SUBJECT ADDED ENTRY--TOPICAL TERM
Topical term or geographic name as entry element القانون
942 ## - ADDED ENTRY ELEMENTS (KOHA)
Source of classification or shelving scheme Dewey Decimal Classification
Koha item type كتب
المقتنيات
حالة السحب حالة الفقدان مصدر التصنيف حالة التلف غير قابل للإعارة المكتبة الرئيسية المكتبة الحالية موقع الرف تاريخ التزويد الرقم المتسلسل Total Checkouts رقم الإستدعاء الباركود تاريخ آخر ظهور تاريخ الفاتورة نوع المادة (كوها)
    Dewey Decimal Classification     المكتبة المركزية المكتبة المركزية الإعارة 28/07/2025 1372783   346.04/شوش PLD00138104 28/07/2025 28/07/2025 كتب
    Dewey Decimal Classification     مكتبة البراعم الواعدة مكتبة البراعم الواعدة الإعارة 23/03/2010 1372785   346.04/شوش PLD00138210 28/07/2025 23/03/2010 كتب
    Dewey Decimal Classification     مكتبة وادي السير العامة مكتبة وادي السير العامة الإعارة 23/03/2010 1372789   346.04/شوش PLD00138214 28/07/2025 23/03/2010 كتب
    Dewey Decimal Classification     مكتبة ومركز فرح مكتبة ومركز فرح الإعارة 23/03/2010 1372786   346.04/شوش PLD00138211 28/07/2025 23/03/2010 كتب
Implemented & Customized by: BBB with SCIT (Smart Chains for Information Technology)

Powered by Koha